Vybrané charakteristiky exotických opčných kontraktov
Niektoré špecifické formy opčných kontraktov, ktoré majú v prevažnej miere špekulatívny charakter. Bariérové opcie. Opcie s priemernou cenou. Opcie s pohľadom späť. Hákové a rebríkové opcie. Opcie výberu. Digitálne (binárne) opcie. Košíkové opcie. Dúhové opcie.
Gespeichert in:
| 1. Verfasser: | |
|---|---|
| Format: | Buchkapitel |
| Sprache: | Slowakisch |
| Schlagworte: | |
| Tags: |
Keine Tags, Fügen Sie das erste Tag hinzu!
|
MARC
| LEADER | 00000nla$a2200000$$$4500 | ||
|---|---|---|---|
| 001 | 0109424 | ||
| 005 | 20240502072217.2 | ||
| 041 | 0 | |a slo | |
| 044 | |a SK | ||
| 245 | 1 | 0 | |a Vybrané charakteristiky exotických opčných kontraktov |c Gabriela Ponecová |
| 520 | |a Niektoré špecifické formy opčných kontraktov, ktoré majú v prevažnej miere špekulatívny charakter. Bariérové opcie. Opcie s priemernou cenou. Opcie s pohľadom späť. Hákové a rebríkové opcie. Opcie výberu. Digitálne (binárne) opcie. Košíkové opcie. Dúhové opcie. | ||
| 610 | 2 | 0 | |a opcie |
| 610 | 2 | 0 | |a trh finančný |
| 610 | 2 | 0 | |a aktíva |
| 610 | 2 | 0 | |a ceny |
| 610 | 2 | 0 | |a kontrakty |
| 100 | 1 | |a Ponecová, Gabriela | |